| 000 | 00577nam a2200205 a 4500 | ||
|---|---|---|---|
| 001 | 14168 | ||
| 003 | CO-ViMGA | ||
| 008 | 141112s2004 ck r 000 u spa d | ||
| 020 | _a9589290345 | ||
| 040 |
_aCO-ViMGA _bspa _cCO-ViMGA |
||
| 082 | 0 | 4 | _a616.959 C656 |
| 110 |
_aColombia. Ministerio de Salud _920712 |
||
| 245 | 1 | 0 | _aManual de enfermedades zoonoticas |
| 260 |
_aSanta fe de Bogotá : _bMinisterio de Salud, _c1999 |
||
| 300 | _a140 : ilus. | ||
| 590 | _aEjemplares : 2 | ||
| 650 | 1 | 4 |
_aENFERMEDADES EPIZOOTICAS _920713 |
| 650 | 1 | 4 |
_aZOONOSIS _952775 |
| 942 |
_2ddc _cBK |
||
| 999 |
_c24867 _d24867 |
||